Art Resolve (Record no. 119878)

MARC details
000 -LEADER
fixed length control field 00918cam a2200217 4500
001 - CONTROL NUMBER
control field WS114597
008 - FIXED-LENGTH DATA ELEMENTS--GENERAL INFORMATION
fixed length control field 010917n 000 0 eng u
035 ## - SYSTEM CONTROL NUMBER
System control number (Sirsi) u114597
110 ## - MAIN ENTRY--CORPORATE NAME
Corporate name or jurisdiction name as entry element Art Resolve
9 (RLIN) 4130
245 ## - TITLE STATEMENT
Title Art Resolve
520 ## - SUMMARY, ETC.
Summary, etc. Web site for this non-profit making company which offers out of court options for the reolution of disputes about works of art and historic sites. Includes their model agreements for existing disputes and model clauses for future disputes.
650 ## - SUBJECT ADDED ENTRY--TOPICAL TERM
Topical term or geographic name entry element ANTIQUES AND FINE ART
650 ## - SUBJECT ADDED ENTRY--TOPICAL TERM
Topical term or geographic name entry element MEDIATION
650 ## - SUBJECT ADDED ENTRY--TOPICAL TERM
Topical term or geographic name entry element EXPERT DETERMINATION
650 ## - SUBJECT ADDED ENTRY--TOPICAL TERM
Topical term or geographic name entry element MANAGEMENT-DISPUTE AVOIDANCE, MANAGEMENT AND RESOLUTION-DISPUTE MANAGEMENT AND RESOLUTION-ARBITRATION
650 ## - SUBJECT ADDED ENTRY--TOPICAL TERM
Topical term or geographic name entry element MODEL AGREEMENTS
650 ## - SUBJECT ADDED ENTRY--TOPICAL TERM
Topical term or geographic name entry element MODEL CLAUSES
690 ## - LOCAL SUBJECT ADDED ENTRY--TOPICAL TERM (OCLC, RLIN)
Topical term or geographic name as entry element Dispute resolution
9 (RLIN) 6236
856 40 - ELECTRONIC LOCATION AND ACCESS
Uniform Resource Identifier <a href="https://www.artresolve.org">https://www.artresolve.org</a>
Public note View the website free of chargeat www.artresolve.org...
942 ## - ADDED ENTRY ELEMENTS (KOHA)
Suppress in OPAC 0
Holdings
Withdrawn status Lost status Source of classification or shelving scheme Damaged status Not for loan Home library Current library Shelving location Date acquired Total Checkouts Full call number Barcode Date last seen Copy number Price effective from Koha item type
    Dewey Decimal Classification     Virtual Virtual Online 17/09/2001   WEB SITE 114597-2001 06/08/2019 1 06/08/2019 Online material